000 00696nam a2200229 a 4500
001 84546
003 BD-RjUL
005 20241221153214.0
008 23 s1962 nyuh b 000 1 eng
035 _a(BD-RjUL) 84546
040 _aDLC
_cOClW
_dBD-RjUL
_beng
041 _aeng
082 _223
_a823.09
_bSAE 1913
100 1 _aSaintsbury, George
_9164673
245 1 4 _aThe English novel /
_cGeorge Saintsbury
260 _aLondon :
_bJ.M.Dent,
_c1913
300 _a319 p. :
_bill. ;
_c22 cm.
504 _aIncludes bibliography.
650 0 _aEnglish fiction
_y18th century
_xHistory and criticism.
_9163209
650 0 _aEnglish fiction
_y18th century
_vBibliography.
_9164674
942 _2ddc
_cBK
999 _c84546
_d84546